Drill Rappers by Songs - Statistics

General Stats
  • This quiz has been taken 4 times
  • The average score is 17 of 51
Answer Stats
Drill Song Drill Rapper % Correct
Faneto Chief Keef
100%
3 AM King Von
100%
Dior Pop Smoke
100%
Suburban, Pt. 2 22Gz
67%
GUMMO 6ix9ine
67%
THROW DD Osama
67%
Is Ya Ready Kay Flock
67%
Back In Blood Lil Durk
67%
6locc 6a6y lil loaded
67%
MATHEMATICAL DISRESPECT Lil Mabu
67%
Capo NLE Choppa
67%
Should of Saw It Bloodhound Lil jeff
33%
Bleed It Blueface
33%
Hot ***** Bobby Shmurda
33%
Doja Central Cee
33%
Whoopty CJ
33%
Slide FBG Duck
33%
Big Drip Fivio Foreign
33%
Onna Come Up [Remix] G Herbo
33%
Crooks Julio Foolio
33%
Onna Come Up Lil Eazzyy
33%
I Don't Like Lil Reese
33%
60 Miles Lil RT
33%
FN Lil Tjay
33%
Evil Twin Notti Osama
33%
Pop Out Polo G
33%
Neighbors Pooh Shiesty
33%
Crazy Story Sha Gz
33%
No Suburban, Pt. 2 Sheff G
33%
My Baby Sugarhill Ddot
33%
Ice Cream Truck Sugarhill Keem
33%
The Race Tay-K
33%
Opp Stoppa YBN Nahmir
33%
223's YNW Melly
33%
OUTSIDE TODAY YoungBoy Never Broke Again
33%
Who I Smoke Yungeen Ace
33%
Presidential 41
0%
Stop Telling BigChildSupport
0%
Motion Party BossMan Dlow
0%
Hellraiser Dee Watkins
0%
Pump 101 Digga D
0%
NO SNITCHING DUSTY LOCANE
0%
5500 Degrees EST Gee
0%
Deli Ice Spice
0%
Presidential Jenn Carter
0%
Big Gangsta Kevin Gates
0%
Beethoven (Remix) Kyle Ricch
0%
Tell 'Em Rah Swish
0%
Somebody Lyin' Sha Ek
0%
2055 Sleepy Hallow
0%
Presidential TaTa
0%
No matching quizzes found
Score Distribution
Percent of People with Each Score
Percentile by Number Answered
Your Score History
You have not taken this quiz